Normal view
MARC view
- Antiquities
Entry Topical Term
001 - CONTROL NUMBER
- control field: 8077
003 - CONTROL NUMBER IDENTIFIER
- control field: NUST
005 - DATE AND TIME OF LATEST TRANSACTION
- control field: 20180105100150.0
008 - FIXED-LENGTH DATA ELEMENTS
- fixed length control field: 180105|| aca||aabn | a|a d
040 ## - CATALOGING SOURCE
- Original cataloging agency: NUST
- Transcribing agency: NUST
150 ## - HEADING--TOPICAL TERM
- Topical term or geographic name entry element: Antiquities
- General subdivision: Collection and preservation
- Form subdivision: Fiction.
670 ## - SOURCE DATA FOUND
- Source citation: Work cat.: (NUST)0: Frank, Larry. 8076, Fragments of a mask /, 2002.
